APC advice (Record no. 81589)

MARC details
000 -LEADER
fixed length control field 00705cab a22002055a 4500
001 - CONTROL NUMBER
control field L147628
008 - FIXED-LENGTH DATA ELEMENTS--GENERAL INFORMATION
fixed length control field 090529e20090522xxk f 000 0 eng d
035 ## - SYSTEM CONTROL NUMBER
System control number (Sirsi) u147628
041 0# - LANGUAGE CODE
Language code of text/sound track or separate title eng
100 1# - MAIN ENTRY--PERSONAL NAME
Personal name Lever, Jon
245 00 - TITLE STATEMENT
Title APC advice
260 ## - PUBLICATION, DISTRIBUTION, ETC.
Date of publication, distribution, etc. 2009
490 #0 - SERIES STATEMENT
Series statement Property Week
Volume/sequential designation 75(21) 22 May 2009, 36(1)
520 ## - SUMMARY, ETC.
Summary, etc. Focuses on the presubmission period prior to the APC candidate sending his/her final assessment to RICS. Ben Elder looks at the building control and inspection competency.
590 ## - LOCAL NOTE (RLIN)
Local note KA
651 #4 - SUBJECT ADDED ENTRY--GEOGRAPHIC NAME
Geographic name United Kingdom
Chronological subdivision
690 ## - LOCAL SUBJECT ADDED ENTRY--TOPICAL TERM (OCLC, RLIN)
Topical term or geographic name as entry element CAREERS, EDUCATION AND TRAINING-QUALIFICATION ROUTES-ASSESSMENT OF PROFESSIONAL COMPETENCE
700 1# - ADDED ENTRY--PERSONAL NAME
Personal name Elder, Ben
942 ## - ADDED ENTRY ELEMENTS (KOHA)
Suppress in OPAC 0
Holdings
Withdrawn status Lost status Source of classification or shelving scheme Damaged status Not for loan Home library Current library Shelving location Date acquired Total Checkouts Full call number Barcode Date last seen Copy number Price effective from Koha item type
    Dewey Decimal Classification     London London Journal article 29/05/2009   L147628 147628-1001 06/08/2019 1 06/08/2019 Journal article